Statistiken für Stadt zu Bundesland #7

Klicken Sie hier um das Quiz zu spielen!

Allgemein

  • Dieses Quiz wurde 86 mal gespielt
  • Das Durchschnittsergebnis liegt bei 9 aus 13

Antwortstatistiken

StadtBundesland% Korrekt
RosenheimBayern
93%
LindauBayern
87%
CrailsheimBaden-Württemberg
83%
AlzeyRheinland-Pfalz
78%
MalchowMecklenburg-Vorpommern
77%
VechtaNiedersachsen
77%
PinnebergSchleswig-Holstein
76%
WürselenNordrhein-Westfalen
66%
Bad SalzungenThüringen
63%
MöhneseeNordrhein-Westfalen
60%
WerdauSachsen
60%
WerneNordrhein-Westfalen
57%
WildeshausenNiedersachsen
48%

Verteilung der Resultate

Perzentil nach korrekt beantworteten Fragen

Anzahl Personen mit jedem Resultat

Ihre Resultats-Entwicklung

Sie haben dieses Quiz noch nicht gespielt